00249nam a2200109Ia 4500008004100000020001800041082001400059100001200073245002900085260001200114500001300126260604s9999 xx 000 0 und d a9789365471052 a808.3 GAN aGANATRA 0aAVADHUT AND HIS TEACHERS bBLUEONE aTeachers